• 首页
  • 本馆介绍
  • 公告通知
  • 最新文献
  • 馆藏检索
  • 电子资源
  • 读者导购
  • 参考咨询
  • 我的图书馆
  • 登录
  • 详细信息显示
  • 放入我的书架
  • 预约/预借图书
  • 作者相关作品
  • 分类相关作品
  • 丛书相关作品
  • 出版社相关作品

书目信息

  • 表格格式
  • 工作单格式
  • 卡片格式
题名:
胡跃先诗稿
    
 
作者: 胡跃先, 著
分册:  
出版信息: 成都   四川文艺出版社  2014
页数: 237页, [8] 页图版
开本: 21cm
丛书名:
单 册:
中图分类: I227.1 , I227.8
科图分类:
主题词: 新诗--xin shi--中国--现代--选集 , 词 (文学)--ci--中国--现代--选集
电子资源:
ISBN: 978-7-5411-3914-7
000 00668nam0 2200229 450
001 2326653807
005 20231109114612.72
010    @a978-7-5411-3914-7@dCNY48.00
100    @a20141011d2014 em y0chiy50 ea
101 0  @achi
102    @aCN@b510000
105    @acf z 000gd
200 1  @a胡跃先诗稿@Ahu yue xian shi gao@f胡跃先著
210    @a成都@c四川文艺出版社@d2014
215    @a237页, [8] 页图版@c肖像@d21cm
606 0  @a新诗@Axin shi@y中国@z现代@j选集
606 0  @a词 (文学)@Aci@y中国@z现代@j选集
690    @aI227.1@v5
690    @aI227.8@v5
701  0 @a胡跃先,@Ahu yue xian@f1958-@4著
801  0 @aCN@b山东中教@c20230926
905    @aBZT@dI227.1@e133
    
    胡跃先诗稿/胡跃先著.-成都:四川文艺出版社,2014
    237页, [8] 页图版:肖像;21cm
    
    
    ISBN 978-7-5411-3914-7:CNY48.00
    
●
相关链接 在五车中查询图书 在当当中查询图书 在豆瓣中查询图书


正题名:胡跃先诗稿     索取号:I227.1/133         预约/预借

序号 登录号 条形码 馆藏地/架位号 状态 备注
1 2000952747   2000952747   第四书库/四12架B面4层1列/ [索取号:I227.1/133] 在馆    
2 2000952748   2000952748   第四书库/四12架B面4层1列/ [索取号:I227.1/133] 在馆    
3 2000952749   2000952749   第四书库/四12架B面4层1列/ [索取号:I227.1/133] 在馆    
4 2000952750   2000952750   第四书库/四12架B面4层1列/ [索取号:I227.1/133] 在馆    
5 2000952751   2000952751   第四书库/四12架B面4层1列/ [索取号:I227.1/133] 在馆    
6 2000952752   2000952752   第四书库/四12架B面4层1列/ [索取号:I227.1/133] 在馆    
山东省滨州职业学院图书馆 欢迎您!
大连网信软件有限公司© 版权所有